MARC details
| 000 -LEADER |
| fixed length control field |
02576cam a2200397 i 4500 |
| 001 - CONTROL NUMBER |
| control field |
bcotR000017 |
| 005 - DATE AND TIME OF LATEST TRANSACTION |
| control field |
20210215102134.0 |
| 006 - FIXED-LENGTH DATA ELEMENTS--ADDITIONAL MATERIAL CHARACTERISTICS |
| fixed length control field |
m o d |
| 007 - PHYSICAL DESCRIPTION FIXED FIELD--GENERAL INFORMATION |
| fixed length control field |
cr cn ---uuuuu |
| 008 - FIXED-LENGTH DATA ELEMENTS--GENERAL INFORMATION |
| fixed length control field |
131105s2013 xx o 000 0 eng d |
| 035 ## - SYSTEM CONTROL NUMBER |
| System control number |
(OCoLC)936347576 |
| 037 ## - SOURCE OF ACQUISITION |
| Source of stock number/acquisition |
BCOpenCampus |
| Terms of availability |
CostFree |
| Form of issue |
FormOnline |
| Additional format characteristics |
AccessOpen |
| 040 ## - CATALOGING SOURCE |
| Original cataloging agency |
BNM |
| Language of cataloging |
eng |
| Modifying agency |
CaBSKC |
| Description conventions |
rda |
| 050 #4 - LIBRARY OF CONGRESS CALL NUMBER |
| Classification number |
HB172 |
| Item number |
R58 2013 |
| 100 1# - MAIN ENTRY--PERSONAL NAME |
| Personal name |
Rittenberg, Libby, |
| Relator term |
author. |
| 245 10 - TITLE STATEMENT |
| Title |
Principles of microeconomics / |
| Statement of responsibility, etc. |
Libby Rittenberg, Tim Tregarthen. |
| 264 #1 - PRODUCTION, PUBLICATION, DISTRIBUTION, MANUFACTURE, AND COPYRIGHT NOTICE |
| Name of producer, publisher, distributor, manufacturer |
[Saylor Foundation], |
| 264 #2 - PRODUCTION, PUBLICATION, DISTRIBUTION, MANUFACTURE, AND COPYRIGHT NOTICE |
| Name of producer, publisher, distributor, manufacturer |
BCcampus, BC Open Textbook Project |
| 300 ## - PHYSICAL DESCRIPTION |
| Extent |
1 online resource. |
| 500 ## - GENERAL NOTE |
| General note |
This work is licensed under the Creative Commons Attribution-NonCommercial-ShareAlike License. |
| 500 ## - GENERAL NOTE |
| General note |
Title from BC Campus website. |
| 500 ## - GENERAL NOTE |
| General note |
This bibliographic record is available under the Creative Commons CC0 "No Rights Reserved" license. |
| 520 ## - SUMMARY, ETC. |
| Summary, etc. |
"Recognizing that a course in economics may seem daunting to some students, we have tried to make the writing clear and engaging. Clarity comes in part from the intuitive presentation style, but we have also integrated a number of pedagogical features that we believe make learning economic concepts and principles easier and more fun. These features are very student-focused. The chapters themselves are written using a "modular" format. In particular, chapters generally consist of three main content sections that break down a particular topic into manageable parts. Each content section contains not only an exposition of the material at hand but also learning objectives, summaries, examples, and problems. Each chapter is introduced with a story to motivate the material and each chapter ends with a wrap-up and additional problems. Our goal is to encourage active learning by including many examples and many problems of different types."--BCcampus website. |
| 588 ## - SOURCE OF DESCRIPTION NOTE |
| Source of description note |
Description based on version viewed on BCcampus OpenEd website; title from pdf title page. |
| 650 #0 - SUBJECT ADDED ENTRY--TOPICAL TERM |
| Topical term or geographic name entry element |
Microeconomics |
| Form subdivision |
Textbooks. |
| 655 #0 - INDEX TERM--GENRE/FORM |
| Genre/form data or focus term |
Electronic books. |
| 700 1# - ADDED ENTRY--PERSONAL NAME |
| Personal name |
Tregarthen, Tim, |
| Relator term |
author. |
| 710 2# - ADDED ENTRY--CORPORATE NAME |
| Corporate name or jurisdiction name as entry element |
Saylor Foundation, |
| Relator term |
issuing body. |
| 710 2# - ADDED ENTRY--CORPORATE NAME |
| Corporate name or jurisdiction name as entry element |
BC Open Textbook Project, |
| Relator term |
distributor. |
| 710 2# - ADDED ENTRY--CORPORATE NAME |
| Corporate name or jurisdiction name as entry element |
BCcampus. |
| 856 40 - ELECTRONIC LOCATION AND ACCESS |
| Materials specified |
BC Open Textbook Project |
| Uniform Resource Identifier |
<a href="https://open.bccampus.ca/find-open-textbooks/?uuid=db434349-937a-4a5a-a70d-6f41a50f22b0 ">https://open.bccampus.ca/find-open-textbooks/?uuid=db434349-937a-4a5a-a70d-6f41a50f22b0 </a> |